Quizzes
Events
Quiz Creation
Community
Videos
Private Events
Remove Ads
Sign In
Join for FREE
Feedback
Dark Mode
Quiz Categories
Sports
Geography
Music
Movies
Television
Just For Fun
Miscellaneous
History
Literature
Language
Science
Gaming
Entertainment
Religion
Holiday
For Kids
Quiz Lab
Recent
Popular Today
Quiz Kudos Today
Editor Picks
Curator Picks
Quizzes by...
Day
Popularity
Type
Ratings
Length
Year
Community
Subscriptions
Recent Discussions
Orange Saloon
Badges
Playlists
Quests
Create
Leaderboards
Showdown
Live 5
Trivia Bingo
Activity
Puzzle Library
Sporcle Events
Private Events
Virtual Trivia
Globe League
Become a Host
Pub Owners
SporcleCon
Opinionation
Our Games
Videos
Blog
Mobile Apps
Partnerships
Remove Ads and Go Orange
Feedback
Movies
Disney
Marvel Cinematic Universe
Movie Resume
Movie Titles
Oscar
Actor
Actress
Director
Pixar
Role
Movie Quotes
Movie Characters
Box Office
Nominee
Best Picture
Star Wars
James Bond
Horror Movies
Movies
Disney
Marvel Cinematic Universe
Movie Resume
Movie Titles
Oscar
Actor
Actress
Director
Pixar
Role
Movie Quotes
Movie Characters
Box Office
Nominee
Best Picture
Star Wars
James Bond
Horror Movies
Random Quiz
Search Sporcle
×
Quiz Lab
Quiz Lab
Movies
Director
Type in answers that appear in a list
Type in answers that appear in a list
Classic
Best Score? Go Orange.
Best and Worst Sequels of all time Stats
Can you name the Best and Worst Sequels of all time?
By
LEEnders
6m
30 Questions
1,756 Plays
1,756 Plays
1,756 Plays
Comments
Comments
Give Quiz Kudos
Give Quiz Kudos
-
- Ratings
hide this ad
Replay
Link that replays current quiz
Next Quiz
Link to next quiz in quiz playlist
You Got
0%
They Got
Avg Score
37%
Avg Friend Score
Upgrade to see
Score Distribution
Jump to the score distribution portion of the page
Score
0/30
Timer
06:00
0
Plays Today
Ranking
Movie
% Correct
Best # 1
The Godfather Part II
87.6%
Best # 7
Lord of the Rings: The Two Towers
86.5%
Best # 3
Lord of the Rings: The Return of the King
85.5%
Best # 2
The Empire Strikes Back
83.8%
Best # 6
Terminator 2: Judgement Day
74.4%
Best # 11
Kill Bill volume 2
69.9%
Best # 5
Spider-Man 2
65.9%
Best # 4
Aliens
64.9%
Best # 8
Indiana Jones and the Last Crusade
59.1%
Worst # 11
The Matrix Revolutions
54.7%
Worst # 1
Batman & Robin
51.8%
Best # 14
Evil Dead
47%
Best # 9
X-men: United
44.9%
Best # 12
Dawn of the Dead
43.2%
Best # 15
Harry Potter and the Prisoner of Azkaban
41.1%
Ranking
Movie
% Correct
Best # 13
Toy Story 2
33.7%
Worst # 9
Speed II: Cruise Control
20.4%
Best # 10
Bride of Frankenstein
19.1%
Worst # 5
Staying Alive
14.2%
Worst # 7
Blues Brothers 2000
13.3%
Worst # 10
Superman IV: The Quest For Peace
12.6%
Worst # 14
The Exorcist II
12.2%
Worst # 2
Basic Instinct 2
7.5%
Worst # 13
Be Cool
5%
Worst # 12
Son of the Mask
4.3%
Worst # 4
Blair Witch Project II
4.3%
Worst # 3
Dumb and Dumber: When Harry met Lloyd
3.2%
Worst # 15
Battle for the Planet of the Apes
3%
Worst # 6
Jason X
2.2%
Worst # 8
Weekend at Barnie's II
0.6%
Quiz Playlist
Details
Report
Send in Message
Add To Playlist
Classic:
Type in answers that appear in a list
Quiz Source
Last Updated: Feb 16, 2017
Quiz Scoreboard
CHALLENGE
Sign Up to Join the Scoreboard
Show All
Scores
Hide
Comments
May contain spoilers
Recently Published
Popular People in 1961
by mucciniale
History
6m
1-10 Letter E Words III
by El_Dandy
Language
2m
One Thing in Common: World Cities II
by knightlancer
Geography
7m
More to Explore
Quiz From the Vault
Featured Blog Post
Where Did the Easter Bunny Come From?
hide this ad
You Might Also Like...
Tags
Director Quiz
Worst
Today's Top Quizzes in Movies
Browse Movies
hide this ad
Today's Top Quizzes in Director
Browse Director
Top Contributed Quizzes in Movies
1
Multi-Oscar Nominations, One Movie, One Winner
2
12 Movies about Fictional 1960s Events
3
One Thing in Common: Movies
4
Three Word 'T' Movies Match Up
5
Three Word 'H' Movies Match Up
6
Three Word 'M' Movies Match Up
7
Three Word 'L' Movies Match Up
8
Three Word 'R' Movies Match Up
9
Three Word 'S' Movies Match Up
10
Three Word 'U' & 'V' Movies Match Up
Explore More
Trending Topics
Marvel
Crossword
Harry Potter
Kpop
NBA
Anime
Disney
Pokémon
Puzzle
Song
The Office
NFL
WWE
Country
Soccer
hide this ad
More By:
LEEnders
Quiz
Plays
Rating
Category
Featured
Created
Greatest Taglines (clickable)
5,567
3.50
Movies
Apr 29, 2012
Actor-Director-Movie Chain (Clickable)
4,724
1.89
Movies
Apr 23, 2012
Top 25 of the 90's
2,437
2.37
Movies
Jan 30, 2010
Best and Worst Sequels of all time
1,756
2.27
Movies
Jan 29, 2010
Movie Pyramids I
1,418
2.50
Movies
Jun 6, 2010
Go to Creator's Profile
Score Distribution
Quiz Creator Spotlight
LEEnders
Follow
Send a Message
Quizzes Created
-
Created Quiz Play Count
-
More By This Creator
Popular Quizzes Today
1
Find the US States - No Outlines Minefield
2
The Countries of the World
3
Popular People in 1961
4
Find the Countries of Europe - No Outlines Minefield
5
1-10 Letter E Words III
6
Find the US States
7
One Thing in Common: World Cities II
8
US States
More Movies Quizzes
Pixar One-Word Clues (A-Z)
Published
Trending Quizzes
Country Music Stars Doing Things
Get the Picture: Carrie or Dolly
1-10 Letter F Words
1-10 Letter G Words
Risky Map Clicking: Next State Alphabetically
Recently Updated
Leaping Animals
pecheneg
Reality TV Shows (A-Z)
bhenderson79
Rickey Henderson's Hall of Fame Teammates
pecheneg
Champions League XIs: Arsenal
pecheneg
Quick Pick: Celebrities in WWE's Hall of Fame
aduchscher
A-Z Keypad Blitz II
pecheneg
Multiple Oscar Actors
pecheneg
Mystery Phrase Blitz: Oscar 'Best Actors'
pecheneg
F. Scott Fitzgerald Novels
LTH
Pick 3 Villains
ddd62291
Trending Topics
Disney
Marvel
NBA
Anime
Kpop
Harry Potter
Crossword
Soccer
Country
Puzzle
The Office
NFL
Pokémon
WWE
Song
Your Account Isn't Verified!
In order to create a playlist on Sporcle, you need to verify the email address you used during registration. Go to your
Sporcle Settings
to finish the process.
Report this User
Report this user for behavior that violates our
Community Guidelines
.
Details:
Send Report
Go to the Sporcle.com Mobile Site →
Comments